000 00511 a2200169 4500
020 _a0070491100
040 _aDLC
_bDLC
082 0 0 _a005.369
100 1 _aO'Leary, Timothy J.,
245 1 0 _aMicrosoft Excel 7.0a for Windows 95
_cTimothy J. O'Leary, Linda I. O'Leary.
260 _a[New York?] :
_bMcGraw-Hill,
_cc1996.
300 _a256 p. :
_bcol. ill. ;
_c26 cm.
500 _aIncludes index.
650 0 _aBusiness
_xComputer programs.
650 0 _aElectronic spreadsheets.
942 _cBK
_k005.369 OLE
_2ddc
999 _c6143
_d6143